000 01251cam a2200241 4500500
005 20251228065545.0
041 _afre
042 _adc
100 1 0 _aReymond, Valérie
_eauthor
245 0 0 _aPetits arrangements avec le droit des usagers
260 _c2019.
500 _a9
520 _aUne recherche-action effectuée dans le cadre d’un dheps sur les pratiques de travailleurs sociaux participant à différentes instances partenariales de prévention des expulsions locatives montre l’avènement de nouveaux modes d’intervention du travail social, faisant du partage d’informations un nouveau modèle de référence. Dans ce contexte émerge une mise en œuvre incertaine des droits des usagers. Cet article propose quelques éléments de réflexion à ce sujet.
690 _adroits des usagers
690 _aexpertise professionnelle
690 _amagistrature sociale
690 _anon-recours aux droits
690 _apartage d’informations
690 _apartenariat
690 _asecret professionnel
786 0 _nVST - Vie sociale et traitements | 142 | 2 | 2019-04-09 | p. 88-93 | 0396-8669
856 4 1 _uhttps://shs.cairn.info/revue-vie-sociale-et-traitements-2019-2-page-88?lang=fr&redirect-ssocas=7080
999 _c1591742
_d1591742